Дробные единицы всех валют мира - Statistics

General Stats
  • This quiz has been taken 19 times
  • The average score is 75 of 143
Answer Stats
Валюта Страна-эмитент Дробное % Correct
австралийский доллар Австралия, Кирибати, Науру, Тувалу австралийский цент
100%
багамский доллар Багамские острова багамский цент
100%
барбадосский доллар Барбадос барбадосский цент
100%
белизский доллар Белиз белизский цент
100%
белорусский рубль Беларусь белорусская копейка
100%
быр Эфиопия эфиопский цент
100%
восточно-карибский доллар Антигуа и Барбуда, Гренада, Доминика, Сент-Винсент и Гренадины, Сент-Китс и Невис, Сент-Люсия восточно-карибский цент
100%
гайанский доллар Гайана гайанский цент
100%
гривна Украина украинская копейка
100%
доллар Соломоновых островов Соломоновы острова цент Соломоновых островов
100%
доллар США Восточный Тимор, Зимбабве, Камбоджа, Маршалловы острова, Палау, Панама, Соединённые Штаты Америки, Федеративные Штаты Микронезии, Эквадор цент США
100%
доллар Тринидада и Тобаго Тринидад и Тобаго цент Тринидада и Тобаго
100%
доллар Тувалу Тувалу цент Тувалу
100%
канадский доллар Канада канадский цент
100%
кенийский шиллинг Кения кенийский цент
100%
леоне Сьерра-Леоне цент Сьерра-Леоне
100%
либерийский доллар Либерия либерийский цент
100%
лилангени Эсватини цент Эсватини
100%
маврикийская рупия Маврикий маврикийский цент
100%
накфа Эритрея эритрейский цент
100%
намибийский доллар Намибия намибийский цент
100%
новозеландский доллар Новая Зеландия новозеландский цент
100%
российский рубль Россия российская копейка
100%
сейшельская рупия Сейшельские острова сейшельский цент
100%
сингапурский доллар Сингапур сингапурский цент
100%
сомалийский шиллинг Сомали сомалийский цент
100%
суринамский доллар Суринам суринамский цент
100%
танзанийский шиллинг Танзания танзанийский цент
100%
угандийский шиллинг Уганда угандийский цент
100%
фиджийский доллар Фиджи фиджийский цент
100%
шри-ланкийская рупия Шри-Ланка шри-ланкийский цент
100%
южно-африканский рэнд Лесото, Южно-Африканская Республика южно-африканский цент
100%
ямайский доллар Ямайка ямайский цент
100%
алжирский динар Алжир алжирский сантим
57%
аргентинское песо Аргентина аргентинское сентаво
57%
боливиано Боливия боливийское сентаво
57%
брунейский доллар Бруней брунейский сэн
57%
бурундийский франк Бурунди бурундийский сантим
57%
гвинейский франк Гвинея гвинейский сантим
57%
гурд Гаити гаитянский сантим
57%
джибутийский франк Джибути джибутийский сантим
57%
доминиканское песо Доминиканская Республика доминиканское сентаво
57%
евро Австрия, Андорра, Бельгия, Болгария, Ватикан, Германия, Греция, Ирландия, Испания, Италия, Кипр, Косово, Латвия, Литва, Люксембург, Мальта, Монако, Нидерланды, Португалия, Сан-Марино, Словакия, Словения, Финляндия, Франция, Хорватия, Черногория, Эстония евроцент
57%
западно-африканский франк КФА Бенин, Буркина-Фасо, Гвинея-Бисау, Кот-д'Ивуар, Мали, Нигер, Сенегал, Того западно-африканский сантим КФА
57%
злотый Польша грош
57%
иена Япония японский сэн
57%
индонезийская рупия Индонезия индонезийский сэн
57%
кетцаль Гватемала гватемальское сентаво
57%
колумбийское песо Колумбия колумбийское сентаво
57%
коморский франк Коморские острова коморский сантим
57%
конголезский франк Демократическая Республика Конго конголезский сантим
57%
кордоба Никарагуа никарагуанское сентаво
57%
кубинское песо Куба кубинское сентаво
57%
лемпира Гондурас гондурасское сентаво
57%
марокканский дирхам Марокко марокканский сантим
57%
мексиканское песо Мексика мексиканское сентаво
57%
метикал Мозамбик мозамбикское сентаво
57%
реал Бразилия бразильское сентаво
57%
риель Камбоджа камбоджийский сэн
57%
ринггит Малайзия малайзийский сэн
57%
руандийский франк Руанда руандийский сантим
57%
фунт стерлингов Великобритания, Зимбабве пенни
57%
центрально-африканский франк КФА Габон, Камерун, Республика Конго, Центрально-Африканская Республика, Чад, Экваториальная Гвинея центрально-африканский сантим КФА
57%
чилийское песо Чили чилийское сентаво
57%
бальбоа Панама панамское сентесимо
43%
бахрейнский динар Бахрейн бахрейнский филс
43%
дирхам ОАЭ Объединённые Арабские Эмираты филс ОАЭ
43%
иракский динар Ирак иракский филс
43%
иранский риал Иран иранский динар
43%
йеменский риал Йемен йеменский филс
43%
конвертируемая марка Босния и Герцеговина фенинг
43%
кувейтский динар Кувейт кувейтский филс
43%
лира Турция куруш
43%
лоти Лесото сенте
43%
новый шекель Израиль агора
43%
сербский динар Сербия пара
43%
тенге Казахстан тиын
43%
тугрик Монголия мунгу
43%
уругвайское песо Уругвай уругвайское сентесимо
43%
эскудо Кабо-Верде сентаво Кабо-Верде
43%
азербайджанский манат Азербайджан гяпик
29%
ариари Мадагаскар ираймбиланья
29%
афгани Афганистан пул
29%
бат Таиланд сатанг
29%
биткоин Сальвадор, Центрально-Африканская Республика сатоси
29%
гуарани Парагвай парагвайское сентимо
29%
датская крона Дания датское эре
29%
добра Сан-Томе и Принсипи сентимо Сан-Томе и Принсипи
29%
донг Вьетнам су
29%
египетский фунт Египет египетский пиастр
29%
замбийская квача Замбия нгве
29%
индийская рупия Индия индийская пайса
29%
иорданский динар Иордания иорданский пиастр
29%
катарский риал Катар катарский дирхам
29%
кванза Ангола ангольское сентимо
29%
кина Папуа-Новая Гвинея тойя
29%
кип Лаос ат
29%
колон Коста-Рика коста-риканское сентимо
29%
кьят Мьянма пья
29%
лари Грузия тетри
29%
лек Албания киндарка
29%
ливанский фунт Ливан ливанский пиастр
29%
ливийский динар Ливия ливийский дирхам
29%
лихтенштейнский франк Лихтенштейн лихтенштейнский раппен
29%
молдавский лей Молдова молдавский бань
29%
найра Нигерия кобо
29%
непальская рупия Непал непальская пайса
29%
новый соль Перу перуанский сентимо
29%
новый тайваньский доллар Тайвань новый тайваньский фынь
29%
норвежская крона Норвегия норвежское эре
29%
пакистанская рупия Пакистан пакистанская пайса
29%
пула Ботсвана тхебе
29%
румынский лей Румыния румынский бань
29%
руфия Мальдивы лари
29%
саудовский риал Саудовская Аравия халал
29%
северо-корейская вона Корейская Народно-Демократическая Республика северо-корейский чон
29%
седи Гана песева
29%
сирийский фунт Сирия сирийский пиастр
29%
сом Кыргызстан тыйын
29%
сомони Таджикистан дирам
29%
суверенный боливар Венесуэла венесуэльское сентимо
29%
суданский фунт Судан суданский пиастр
29%
сум Узбекистан тийин
29%
така Бангладеш пойша
29%
тала Самоа сене
29%
тунисский динар Тунис миллим
29%
туркменский манат Туркменистан тенге
29%
угия Мавритания хумс
29%
филиппинское песо Филиппины филиппинское сентимо
29%
форинт Венгрия филлер
29%
чешская крона Чехия геллер
29%
швейцарский франк Швейцария, Лихтенштейн швейцарский раппен
29%
шведская крона Швеция шведское эре
29%
юань Китай китайский фынь
29%
южно-корейская вона Республика Корея южно-корейский чон
29%
южно-суданский фунт Южный Судан южно-суданский пиастр
29%
даласи Гамбия бутут
14%
денар Северная Македония дени
14%
драм Армения лума
14%
малавийская квача Малави тамбала
14%
нгултрум Бутан четрум
14%
оманский риал Оман оманская байза
14%
паанга Тонга сенити
14%
No matching quizzes found
Score Distribution
Percent of People with Each Score
Percentile by Number Answered
Your Score History
You have not taken this quiz